000 00414nam a2200157 a 4500
005 20210223123939.0
008 991125n 000 0 spa u
035 _aUPN01000084777
100 1 _aArgudín, Yolanda
_928744
222 _aDIDAC
245 _aLa lectura hoy en la formacion integral del alumno universitario
300 _a22-24
362 _a1999 No. 33
904 _aAC
_b022588
905 _aArticulo
999 _c71477
_d71477